Euroopan maantiedettä kirjaimittain - K #1 - Statistics

Yleistilastot
  • Tätä visaa on pelattu 1 150 kertaa
  • Keskiarvotulos 10 / 20
Vastaustilastot
Vihje Vastaus % Oikein
Ukrainan pääkaupunki Kiova
99%
Tanskan pääkaupunki Kööpenhamina
98%
Itsenäiseksi vuonna 2008 julistautunut valtio Balkanilla Kosovo
89%
Suomen pisin joki {Kemi}joki
85%
Puolan toiseksi suurin kaupunki Krakova
83%
Suomen ja Venäjän alueille jakaantuva historiallinen alue Karjala
79%
Moskovan keskellä sijaitseva historiallinen linnoitus ja nykyinen hallintorakennus Moskovan {Kreml}
59%
Rein–Ruhrin alueen suurin kaupunki Köln
57%
Tanskan, Ruotsin ja Norjan vuonna 1397 sopiman unionin nimessä oleva Ruotsin kaupunki Kalmar
54%
Pääosin Romaniassa, Ukrainassa ja Slovakiassa sijaitseva vuoristo Karpaatit
43%
Aiemmin nimellä Königsberg tunnettu Venäjän eksklaavi Kaliningrad
36%
Kreikassa sijaitseva kaupunki, jonka mukaan eräs oliivilajike on nimetty Kalamata
35%
Kreivikunta Englannin kaakkoisosissa Kent
31%
Kroatialle kuuluva saari, jonka nimessä ei ole vokaaleja Krk
24%
Suuri Volgan varrella sijaitseva kaupunki, joka toimii Tatarstanin alueen pääkaupunkina Kazan
22%
Merialue Jyllannin ja Ruotsin länsirannikon välissä Kattegat
20%
Slovakian toiseksi suurin kaupunki Košice
20%
Sleesian voivodikunnan suurin kaupunki Katowice
16%
Orkneysaarten pääkaupunki Kirkwall
7%
Kaupunki, tekojärvi ja vesivoimala Etelä-Ukrainassa Dneprjoen varrella Kahovka
6%
Ehtoja vastaavia visoja ei löytynyt
Tulosjakauma
Jokaisen tuloksen saaneiden osuus
Persentiili vastausten määrän mukaan
Tuloshistoriasi
Et ole pelannut tätä visaa